00306nam a2200121Ia 4500008004100000041000800041082001500049100001800064245002300082250001500105260003300120300003100153240624s9999 xx 000 0 und d aeng a658.83 AAK aAAKER DAVID A aMARKETING RESEARCH a(11th ed.) c2016aNew DelhibWiley India axiv, : 647 : p. : cm. ; 25